000 00703nam a2200217 4500
001 240
005 20181127160951.0
020 0 0 _a0143032259
090 0 0 _a813.3 H399s 2004
100 0 0 _aHawthorne, Nathaniel.
245 0 0 _aThe scarlet letter /
_b
_cNathaniel Hawthorne.
_h
260 0 0 _aNew Delhi :
_bPenguin Books,
_c2004
300 0 0 _axlviii, 325 p.
500 _a"Penguin Study Edition"
500 0 0 _a"Edited by Tapan Basu"
590 _aElectronic copy available on RTC Cloud in "Library" folder
650 0 0 _aAdultery in literature.
_x
650 0 0 _aHawthorne, Nathaniel, 1804-1864. Scarlet letter.
_x
650 0 0 _aPuritans in literature.
_x
700 _aBasu, Tapan.
_b
_c
_d
_e
_k
_l
_m
_n
_o
_p
_q
_r
_s
_t
999 _c217
_d217